[Event "DVM U20w 2008"]
[Site "Arendsee (Altmark) GER"]
[Date "2008.12.30"]
[Round "5"]
[White "Hüllen, Alexandra"]
[Black "Dietzen, Corinna"]
[Result "0-1"]
[Termination "normal"]
[Board "3.1"]
[WhiteElo "1416"]
[BlackElo "2009"]
[WhiteTeam "TTC G-W Fritzdorf"]
[BlackTeam "SF Wadgassen/Differten"]
[PlyCount "82"]
[BlackFideId "24621021"]
[EventCountry "GER"]
[EventRounds "5"]
[EventType "team-swiss"]
[EventDate "2008.12.26"]

1. e4 d6 2. d4 Nf6 3. Nc3 Nbd7 4. Bd3 e5 5. dxe5 dxe5 6. Nf3 c6 7. O-O Qc7 8.
b3 Bd6 9. Bb2 Nc5 10. Nd2 b5 11. Nxb5 cxb5 12. Bxb5+ Bd7 13. Nc4 Nb7 14. Nxd6+
Nxd6 15. Bxd7+ Nxd7 16. Qd5 Nb7 17. c4 O-O 18. f4 Rad8 19. Qd2 Qb6+ 20. Kh1
Ndc5 21. Qe2 Nd3 22. Bc3 Nxf4 23. Qf2 Qxf2 24. Rxf2 f6 25. Bd2 Nd3 26. Rf3 Nbc5
27. Be3 a6 28. Bxc5 Nxc5 29. b4 Nxe4 30. c5 Rd4 31. a3 a5 32. c6 axb4 33. c7
Rc8 34. axb4 Rxb4 35. Rd1 Rxc7 36. Kg1 Rc3 37. Rff1 Rc2 38. Rde1 Rbb2 39. Rxe4
Rxg2+ 40. Kh1 Rxh2+ 41. Kg1 Rbg2# 0-1

[Event "DVM U20w 2008"]
[Site "Arendsee (Altmark) GER"]
[Date "2008.12.30"]
[Round "5"]
[White "Ley, Janine"]
[Black "Bachem, Sabrina"]
[Result "0-1"]
[Termination "normal"]
[Board "3.2"]
[WhiteElo "1655"]
[BlackElo "1368"]
[WhiteTeam "SF Wadgassen/Differten"]
[BlackTeam "TTC G-W Fritzdorf"]
[PlyCount "128"]
[WhiteFideId "24671274"]
[EventCountry "GER"]
[EventRounds "5"]
[EventType "team-swiss"]
[EventDate "2008.12.26"]

1. c4 e5 2. Nc3 Nc6 3. g3 Nf6 4. Bg2 Bc5 5. d3 d6 6. Nf3 Be6 7. O-O Qd7 8. Na4
Bb6 9. b3 h6 10. Bb2 g5 11. Rc1 Qe7 12. a3 Nd7 13. b4 f5 14. d4 exd4 15. Nxd4
Nxd4 16. Bxd4 Rg8 17. Bxb7 Rb8 18. Bc6 Rd8 19. e3 Qf8 20. c5 dxc5 21. Nxc5 Bxc5
22. Bxc5 Qf7 23. Bxa7 h5 24. Qd4 Qg6 25. Rfd1 h4 26. Kf1 hxg3 27. hxg3 f4 28.
Qe4 fxg3 29. Qxg6+ Rxg6 30. fxg3 Rf6+ 31. Kg2 Bf5 32. Rh1 Rxc6 33. Rxc6 Be4+
34. Kg1 Bxc6 35. Rh8+ Ke7 36. Rh7+ Ke6 37. Rh6+ Nf6 38. Bd4 Rf8 39. Bc5 Rf7 40.
Bd4 g4 41. Kf2 Kf5 42. Bxf6 Rxf6 43. Rxf6+ Kxf6 44. e4 Bxe4 45. a4 c6 46. Ke3
Ke5 47. a5 Bd5 48. a6 Kd6 49. Kf4 Kc7 50. Kxg4 Kb6 51. a7 Kxa7 52. Kf4 Kb6 53.
g4 Kb5 54. Ke3 Kxb4 55. Kd2 Kc4 56. g5 Kd4 57. g6 c5 58. g7 Kc4 59. Kc2 Be4+
60. Kd2 Bh7 61. Kc1 Kc3 62. Kd1 Kb2 63. Kd2 c4 64. Kd1 c3 0-1

[Event "DVM U20w 2008"]
[Site "Arendsee (Altmark) GER"]
[Date "2008.12.30"]
[Round "5"]
[White "Bojahr, Franziska"]
[Black "Neumann, Tanja"]
[Result "0-1"]
[Termination "normal"]
[Board "3.3"]
[WhiteElo "1303"]
[BlackElo "1453"]
[WhiteTeam "TTC G-W Fritzdorf"]
[BlackTeam "SF Wadgassen/Differten"]
[PlyCount "56"]
[BlackFideId "24659274"]
[EventCountry "GER"]
[EventRounds "5"]
[EventType "team-swiss"]
[EventDate "2008.12.26"]

1. d4 Nf6 2. c4 e6 3. Nc3 Bb4 4. Bg5 b6 5. a3 Bxc3+ 6. bxc3 Bb7 7. f3 d5 8.
cxd5 exd5 9. e3 Nbd7 10. Qb3 c5 11. Bb5 c4 12. Qb4 Rc8 13. Qd6 Qc7 14. Bxd7+
Qxd7 15. Qe5+ Qe6 16. Bxf6 gxf6 17. Qf4 Rg8 18. g4 Rc6 19. Qb8+ Bc8 20. Kf2 f5
21. gxf5 Qxf5 22. Qxa7 Qc2+ 23. Ne2 Rcg6 24. Rae1 Rg2+ 25. Kf1 Rxe2 26. Rxe2
Qd1+ 27. Kf2 Qxh1 28. Qc7 Qg1# 0-1

[Event "DVM U20w 2008"]
[Site "Arendsee (Altmark) GER"]
[Date "2008.12.30"]
[Round "5"]
[White "Nischik, Natascha"]
[Black "Jentsch, Corinna"]
[Result "1-0"]
[Termination "normal"]
[Board "3.4"]
[WhiteElo "1415"]
[BlackElo "1056"]
[WhiteTeam "SF Wadgassen/Differten"]
[BlackTeam "TTC G-W Fritzdorf"]
[PlyCount "83"]
[WhiteFideId "4633849"]
[EventCountry "GER"]
[EventRounds "5"]
[EventType "team-swiss"]
[EventDate "2008.12.26"]

1. c4 Nf6 2. d4 g6 3. Nc3 Bg7 4. g3 d6 5. Bg2 Nbd7 6. Nf3 O-O 7. O-O Rb8 8. e3
b6 9. Rb1 a6 10. Bd2 b5 11. cxb5 axb5 12. b4 Rb6 13. Qe2 Ba6 14. Rfc1 Re8 15.
Qd1 Qb8 16. a4 bxa4 17. Nxa4 Rb5 18. Bf1 Rb7 19. Bxa6 Ra7 20. Be2 Qa8 21. Nc3
Ne4 22. Nb5 Nxd2 23. Nxd2 Rc8 24. Nxa7 Qxa7 25. Bf3 Bf6 26. Qb3 e6 27. Ne4 Be7
28. Bg4 d5 29. Nc5 Nxc5 30. bxc5 f5 31. Be2 c6 32. Qb7 Qxb7 33. Rxb7 Bf6 34.
Rcb1 Kf8 35. Rb8 Rxb8 36. Rxb8+ Kf7 37. Rc8 Be7 38. Rxc6 Kf6 39. Ra6 h5 40. c6
Bd6 41. Ra7 e5 42. c7 1-0

[Event "DVM U20w 2008"]
[Site "Arendsee (Altmark) GER"]
[Date "2008.12.30"]
[Round "5"]
[White "van Orsouw, Svenja"]
[Black "Breitwieser, Jasmin"]
[Result "0-1"]
[Termination "normal"]
[Board "4.1"]
[WhiteElo "1701"]
[BlackElo "1823"]
[WhiteTeam "SK Turm Rheydt 1929"]
[BlackTeam "SC Ladja Roßdorf"]
[PlyCount "42"]
[WhiteFideId "24677124"]
[BlackFideId "24601705"]
[EventCountry "GER"]
[EventRounds "5"]
[EventType "team-swiss"]
[EventDate "2008.12.26"]

1. e4 c5 2. c4 Nc6 3. Ne2 Nf6 4. Nbc3 e6 5. d4 d5 6. cxd5 exd5 7. exd5 Nxd5 8.
dxc5 Ndb4 9. Qxd8+ Nxd8 10. Nd4 Bxc5 11. Bb5+ Bd7 12. Bxd7+ Kxd7 13. O-O Bxd4
14. Rd1 Nc2 15. Rb1 Kc8 16. Nb5 Be5 17. Rd5 Nc6 18. a3 a6 19. f4 Bb8 20. Nd6+
Bxd6 21. Rxd6 Kc7 0-1

[Event "DVM U20w 2008"]
[Site "Arendsee (Altmark) GER"]
[Date "2008.12.30"]
[Round "5"]
[White "Koppers, Hannah"]
[Black "Hiller, Vanessa"]
[Result "1/2-1/2"]
[Termination "normal"]
[Board "4.3"]
[WhiteElo "1136"]
[BlackElo "1617"]
[WhiteTeam "SK Turm Rheydt 1929"]
[BlackTeam "SC Ladja Roßdorf"]
[PlyCount "63"]
[BlackFideId "24668761"]
[EventCountry "GER"]
[EventRounds "5"]
[EventType "team-swiss"]
[EventDate "2008.12.26"]

1. e4 c5 2. c4 Nc6 3. Ne2 Nf6 4. Nbc3 g6 5. d4 cxd4 6. Nxd4 d6 7. f3 Bd7 8. Be3
Bg7 9. Be2 O-O 10. O-O a6 11. Qd2 Re8 12. Rac1 Rc8 13. Rfd1 Ne5 14. Nd5 Nxd5
15. cxd5 f6 16. h3 Nf7 17. Qb4 Rxc1 18. Rxc1 Qb8 19. a4 f5 20. Rc3 fxe4 21.
fxe4 Bxd4 22. Bxd4 Qa8 23. Rg3 b5 24. axb5 axb5 25. Bxb5 Rb8 26. Ra3 Qb7 27.
Ra7 Qxb5 28. Qxb5 Bxb5 29. Rxe7 Bd3 30. Kf2 Kf8 31. Bf6 Rxb2+ 32. Ke3 1/2-1/2

[Event "DVM U20w 2008"]
[Site "Arendsee (Altmark) GER"]
[Date "2008.12.30"]
[Round "5"]
[White "Öz, Eda"]
[Black "Vieten, Sarah"]
[Result "1-0"]
[Termination "normal"]
[Board "4.4"]
[WhiteElo "1502"]
[BlackElo "846"]
[WhiteTeam "SC Ladja Roßdorf"]
[BlackTeam "SK Turm Rheydt 1929"]
[PlyCount "27"]
[WhiteFideId "24672963"]
[EventCountry "GER"]
[EventRounds "5"]
[EventType "team-swiss"]
[EventDate "2008.12.26"]

1. e4 e5 2. Nf3 Nc6 3. Bb5 Nf6 4. d3 Be7 5. Bxc6 dxc6 6. Nxe5 Qd6 7. Nc4 Qe6 8.
Ne3 Qe5 9. Nd2 b5 10. O-O O-O 11. h3 g6 12. f4 Qc5 13. Nb3 Qd6 14. e5 1-0